| 000 | 00693nam a22002057a 4500 | ||
|---|---|---|---|
| 003 | PILC | ||
| 005 | 20150507150316.0 | ||
| 008 | 141110b xxu||||| |||| 00| 0 eng d | ||
| 020 | _a9789715849579 | ||
| 050 |
_aRC 954 _b.G319 2010 |
||
| 245 |
_aGerontological nursing : _cedited by Kristen L. Mauk. _bcompetencies for care / |
||
| 250 | _a2nd ed., Philippine ed. | ||
| 260 |
_aBurlington, Mass. : _bJones & Bartlett Learning, _c2010. |
||
| 300 |
_axvii, 869 pages : _billustrations ; _c24 cm. |
||
| 500 | _aIncludes bibliographical reference, glossary, index. | ||
| 650 |
_aGeriatric Nursing _xmethods. |
||
| 650 |
_aAging _xphysiology. |
||
| 650 |
_aAging _xpsychology. |
||
| 942 |
_2lcc _cBK |
||
| 999 |
_c283895 _d283895 |
||